Top 15 Longest Living U.S. Presidents - Statistics

General Stats
  • This quiz has been taken 34 times
  • The average score is 9 of 15
Answer Stats
Age at Death or
Current Age
Answer % Correct
95 years, 242 days Jimmy Carter
100%
93 years, 120 days Ronald Reagan
84%
94 years, 171 days George H.W. Bush
80%
93 years, 165 days Gerald Ford
76%
90 years, 71 days Herbert Hoover
72%
90 years, 247 days John Adams
72%
88 years, 232 days Harry Truman
68%
81 years, 103 days Richard Nixon
68%
83 years, 82 days Thomas Jefferson
64%
80 years, 227 days John Quincy Adams
56%
78 years, 165 days Dwight D. Eisenhower
52%
85 years, 104 days James Madison
52%
77 years, 39 days James Buchanan
40%
78 years, 85 days Andrew Jackson
36%
79 years, 231 days Martin Van Buren
28%
No matching quizzes found
Score Distribution
Percent of People with Each Score
Percentile by Number Answered
Your Score History
You have not taken this quiz